00843nam a2200157 a 4500008004100000050002200041110013500063245012600198260007000324300000800394350000900402650004100411995009200452999001700544952012400561090303s2001 ||||||||||||||||| || u aGOV.ZAM(02)2001/2 aGovernment of the Republic of Zambia. Ministry of Commerce, Trade and Industry, Patents and Companies Registration Office (Zambia)14aThe procedure followed in approving company and business namescBy the Patents and Companies Registration Office (Zambia) aLusaka:bPatents and Companies Registration Office (Zambia)c2001 a7p. a0.00 aPATENT LAWS AND LEGISTLATION--ZAMBIA D0.00FCBU-MAIN LIBRARY (Kitwe)H1I0.00M1UAVAILABLEWMar 3, 2009ZZambiana Collection c54812d54812 00102lcc4070a001b001cZambiana Collectiond2022-11-30l0oGOV.ZAM(02)2001/2p03003765r2022-11-30w2022-11-30y002